Harry Potter à l'école des sorciers ! - Statistiques

Statistiques générales
  • Ce quiz a été pris 68 fois
  • Le résultat moyen est 17 sur 22
Statistiques - réponses
Questions Réponses % Correct
Qui apprend à Harry qu'il est un sorcier ? Rubeus Hagrid
100%
Quel est le nom complet d'Harry Potter ? Harry James Potter
94%
Quelle famille aide Harry à trouver la voie 9 3/4 ? Les Weasley
92%
Comment s'appelle la chouette de Harry ? Hedwige
84%
Quel professeur Harry aime-il le moins ? Severus Rogue
84%
Dans quelle maison Harry est-il réparti ? Gryffondor
82%
Comment s'appelle le crapaud de Neville ? Trevor
82%
Quelle matière enseigne ce professeur ? Les potions
80%
Qui est la directrice de cette maison ? Minerva McGonagall
80%
Comment s'appelle le rat de Ron ? Croûtard
78%
Que voit Harry dans le miroir du Ridéd ? Ses parents
78%
Qui Harry rencontre-il dans la dernière pièce, sous la trappe ? Quirrell
76%
Avec quelle créature Hermione se retrouve-t-elle dans les toilettes ? Un troll
76%
Dans quelle gare faut-il se rendre pour aller à Poudlard ? King's Cross
75%
Que garde-il ? La pierre philosophale
75%
Quel est le sortilège qu'apprennent les première année durant leur premier cours ? Wingardium Leviosa
75%
Quelle maison s'est vue perdre la coupe des quatre maisons alors qu'elle était normalement victorieuse ? Serpentard
73%
Quel est le nom du chien à trois têtes d'Hagrid ? Touffu
73%
Qui Harry rencontre-il chez Madame Guipure ? Drago Malefoy
65%
Sur quelle pièce Ron se place-il durant la partie d'échecs ? Un cavalier
55%
Quelle plante magique déteste la lumière ? Le filet du diable
53%
Quelle est la race du dragon d'Hagrid, Norbert ? Un norvégien à crête
43%
Aucun quiz correspondant
Distribution des résultats
% des personnes avec chaque résultat
Percentile par nombre de réponses
Votre historique - résultats
Vous n’avez pas pris ce quiz